Information technology (Record no. 93090)

MARC details
000 -LEADER
fixed length control field 00649cam a2200229 4500
008 - FIXED-LENGTH DATA ELEMENTS--GENERAL INFORMATION
fixed length control field 090401t1990 xxu||||| |||| 00| 0 eng d
020 ## - INTERNATIONAL STANDARD BOOK NUMBER
International Standard Book Number 0854064842
035 ## - SYSTEM CONTROL NUMBER
System control number (Sirsi) u52496
041 0# - LANGUAGE CODE
Language code of text/sound track or separate title eng
050 04 - LIBRARY OF CONGRESS CALL NUMBER
Classification number 658.990285 $2 18
090 ## - LOCALLY ASSIGNED LC-TYPE CALL NUMBER (OCLC); LOCAL CALL NUMBER (RLIN)
Classification number (OCLC) (R) ; Classification number, CALL (RLIN) (NR) RICS 1990/78ABCD
100 1# - MAIN ENTRY--PERSONAL NAME
Personal name Young, B. A.
245 00 - TITLE STATEMENT
Title Information technology
Remainder of title its impact on job content, skills and knowledge for construction management
260 ## - PUBLICATION, DISTRIBUTION, ETC.
Place of publication, distribution, etc. London
Name of publisher, distributor, etc. RICS Books
Date of publication, distribution, etc. 1990
300 ## - PHYSICAL DESCRIPTION
Extent 15p.
Dimensions 30cm.
350 ## - PRICE (NR) (BK AM CF MU VM SE) [OBSOLETE]
Price 7.95
490 #0 - SERIES STATEMENT
Series statement RICS Occasional Paper
651 #4 - SUBJECT ADDED ENTRY--GEOGRAPHIC NAME
Geographic name United Kingdom
Chronological subdivision
690 ## - LOCAL SUBJECT ADDED ENTRY--TOPICAL TERM (OCLC, RLIN)
Topical term or geographic name as entry element Construction management
9 (RLIN) 6230
942 ## - ADDED ENTRY ELEMENTS (KOHA)
Suppress in OPAC 0
948 ## - LOCAL PROCESSING INFORMATION (OCLC); SERIES PART DESIGNATOR (RLIN)
c (OCLC) 04/03/1997
Holdings
Withdrawn status Lost status Source of classification or shelving scheme Damaged status Not for loan Home library Current library Shelving location Date acquired Cost, normal purchase price Total Checkouts Full call number Barcode Date last seen Copy number Cost, replacement price Price effective from Koha item type Date last checked out
    Dewey Decimal Classification     London London RICS Boxes 14/09/1999 7.95   RICS 1990/78 30022716 06/08/2019 1 7.95 06/08/2019 Archive  
    Dewey Decimal Classification     London London RICS Boxes 27/08/1992 7.95   RICS 1990/78 30031589 06/08/2019 1 7.95 06/08/2019 Book  
    Dewey Decimal Classification     London London RICS Boxes 22/03/1993 7.95 1 RICS 1990/78 30043964 06/08/2019 2 7.95 06/08/2019 Book 02/05/2007
    Dewey Decimal Classification     London London RICS Boxes 22/03/1993 7.95   RICS 1990/78 30043968 06/08/2019 3 7.95 06/08/2019 Reference material